|
|
|
|
| LEADER |
00702nam a2200205 a 4500 |
| 001 |
c000031121 |
| 003 |
CARM |
| 005 |
19921216000000.0 |
| 008 |
840309s1966 nyu eng d |
| 019 |
1 |
|
|a 9701818
|5 LACONCORD2021
|
| 035 |
|
|
|a (OCoLC)1286180
|5 LACONCORD2021
|
| 040 |
|
|
|a VLU
|b eng
|c VLU
|
| 100 |
1 |
|
|a Shadbolt, Maurice,
|d 1932-
|
| 245 |
1 |
0 |
|a Summer fires and winter country.
|
| 260 |
|
|
|a New York :
|b Atheneum,
|c 1966.
|
| 300 |
|
|
|a 286 p.
|
| 852 |
8 |
|
|b CARM
|h A2:AB06B0
|i B02981
|p 0137945
|f BK
|
| 082 |
0 |
|
|a N823.2
|
| 999 |
f |
f |
|i d40d596d-20fd-5c45-83a4-2d7a39567515
|s 7a149f9c-ea08-5e47-95cc-efac006649be
|
| 952 |
f |
f |
|p Can circulate
|a CAVAL
|b CAVAL
|c CAVAL
|d CARM 1 Store
|e B02981
|f A2:AB06B0
|h Other scheme
|i book
|m 0137945
|